Loading...
| Science - Other Science | 0 | 5 | 1 | 0 | 45 | 101 | 117.00 | 1 | 5 |
| Beliefs - Religion | 0 | 4 | 0 | 1 | 40 | 99 | 111.75 | 1 | 4 |
| Thought - Social Science | 0 | 4 | 0 | 1 | 40 | 99 | 109.50 | 1 | 4 |
| Literature - World Lit | 0 | 4 | 0 | 0 | 40 | 111 | 125.75 | 1 | 4 |
| Other - Geo/CE | 1 | 3 | 1 | 1 | 40 | 42 | 94.75 | 1 | 4 |
| History - Other History | 0 | 3 | 0 | 1 | 30 | 112 | 125.33 | 0 | 3 |
| History - Euro History | 0 | 3 | 1 | 2 | 25 | 99 | 115.33 | 0 | 3 |
| Other - Other Academic | 1 | 1 | 0 | 0 | 25 | 44 | 68.00 | 1 | 2 |
| Literature - Euro Lit | 0 | 2 | 0 | 0 | 20 | 93 | 103.00 | 0 | 2 |
| Arts - Music | 0 | 2 | 0 | 0 | 20 | 116 | 124.00 | 0 | 2 |
| Science - Biology | 0 | 2 | 0 | 1 | 20 | 121 | 121.50 | 0 | 2 |
| Other - Pop Culture | 0 | 2 | 1 | 0 | 15 | 86 | 110.50 | 2 | 2 |
| Science - Physics | 0 | 2 | 1 | 0 | 15 | 125 | 128.50 | 1 | 2 |
| History - American History | 0 | 2 | 1 | 1 | 15 | 106 | 121.00 | 0 | 2 |
| Arts - Other Arts | 0 | 1 | 0 | 1 | 10 | 139 | 139.00 | 0 | 1 |
| Literature - British Lit | 0 | 1 | 0 | 0 | 10 | 118 | 118.00 | 0 | 1 |
| Science - Chemistry | 0 | 0 | 2 | 0 | -10 | 0.00 | 0 | 0 |